Cuentos por teléfono /
Gianni Rodari, premio internacional Andersen 1970, es el creador de un auténtico y peculiar género de literatura infantil. Sus tramoyas son un juego de sencillo y pintoresco humor, comprensible incluso para los lectores más pequeños. Pero sus juegos no constituyen una finalidad en sí mismos, sino qu...
Guardado en:
| Autor Principal: | |
|---|---|
| Otros Autores: | |
| Formato: | Libro |
| Publicado: |
España :
Juventud,
2000
|
| Edición: | 17a. ed. |
| Materias: | |
| Etiquetas: |
Agregar Etiqueta
Sin Etiquetas, Sea el primero en etiquetar este registro!
|
| LEADER | 02926nam a22002535a 4500 | ||
|---|---|---|---|
| 001 | CEM.cems011882 | ||
| 008 | 130507s2000##################000#0#####d | ||
| 005 | 20250805155651.0 | ||
| 245 | 1 | 0 | |a Cuentos por teléfono / |c Gianni Rodari ; traducido Por Ramón Prats de Alos-moner |
| 250 | |a 17a. ed. | ||
| 260 | |a España : |b Juventud, |c 2000 | ||
| 300 | |a 143 p. | ||
| 505 | 0 | |a Érase una vez -- El cazador sin suerte -- La mujercita que contaba los estornudos -- Juan el distraído -- El edificio que había que romper -- El edificio de helado -- El país sin punta -- El país con el "des" delante -- Alicia Caerina -- El camino de chocolate -- Los hombres de mantequilla -- Brif, bruf, braf -- ¿Quién quiere comprar la ciudad de Estocolmo? -- A tocar la nariz del rey -- El tiovivo de Cesenatico -- En la plata de Ostia -- El ratón de los tebeos -- Historia del reino de Comilonia -- Vamos a inventar los números -- Alicia se cae al mar -- La guerra de las campanas -- Una violeta en el Polo Norte -- El joven cangrejo -- Los cabellos del gigante -- La nariz que huye -- El espantapájaros -- A jugar con el bastón -- El camino que no iba a ninguna parte -- Apolonia la de la mermelada -- El Sol y la nube -- La anciana tía Ada -- El rey que iba a morirse -- El mago de las cometas -- El pescador de Cefalú -- Refranes antiguos -- El rey Midas -- El ratón que comía gatos -- Toñito el invisible -- El semáforo azul -- La famosa lluvia de Piombino -- Muchas preguntas -- El buen Gilberto -- La palabra "llorar" -- La fiebre comilina -- El domingo por la mañana -- A dormir, a despertarse -- Jaime de Cristal -- Las monas de viaje -- El hombre que robaba el Coliseo -- El señor Lanana -- Uno y siete -- Ascensor para las estrellas -- El autobús número 75 -- El país de los perros -- La huida de Pulchinela -- El albañil de Valtellina -- La manta del soldado -- El pozo de "Cascina Piana" -- Casas e inmuebles -- El maestro Garrone -- La acera móvil -- El planeta de la verdad -- Cocina espacial -- El caramelo instructivo -- El pollito cósmico -- Proceso al sobrino -- A enredar los cuentos -- Aprobado más dos -- El hombrecillo de nada -- Historia universal | |
| 520 | |a Gianni Rodari, premio internacional Andersen 1970, es el creador de un auténtico y peculiar género de literatura infantil. Sus tramoyas son un juego de sencillo y pintoresco humor, comprensible incluso para los lectores más pequeños. Pero sus juegos no constituyen una finalidad en sí mismos, sino que nacen siempre de una visión del mundo plena de realidad y de positivo optimismo. | ||
| 020 | |a 8426155596 | ||
| 100 | 1 | |a Rodari, Gianni | |
| 700 | 1 | |a Prats de Alos-moner, Ramón , Trad. | |
| 082 | 0 | 4 | |a 858.9 |
| 653 | |a Literatura | ||
| 653 | |a Literatura italiana siglo xx | ||
| 653 | |a Literatura infantil | ||
| 653 | |a Cuentos | ||
| 653 | |a Cuentos infantiles | ||
| 859 | |a CEMS |b BIB. CEMS - 11 de abril |h 858.9 |i R611-1a17 |p 22973.05 |t Ej.1 | ||
